¿Qué pasó en la reunión con los economistas?
Guardat en:
| Format: | Text |
|---|---|
| Matèries: | |
| Etiquetes: |
Afegir etiqueta
Sense etiquetes, Sigues el primer a etiquetar aquest registre!
|
MARC
| LEADER | 00000 a a2200000 04500 | ||
|---|---|---|---|
| 001 | 7061 | ||
| 003 | |||
| 040 | |||
| 245 | |a ¿Qué pasó en la reunión con los economistas? | ||
| 650 | |a ECONOMIA | ||
| 650 | |a PARTICIPACION SOCIAL | ||
| 650 | |a REUNION | ||
| 650 | |a CRISIS | ||
| 650 | |a POBREZA | ||
| 650 | |a DESEMPLEO | ||
| 773 | |g volumen 12, número 142; páginas 25-30 | ||
| 999 | |c 22680 |d 22680 | ||
